International cooperation in fisheries research
Uloženo v:
| Korporativní autor: | |
|---|---|
| Médium: | Kniha |
| Jazyk: | Undetermined |
| Vydáno: |
Washington, D.C.
The World Bank
1991
|
| Témata: | |
| Tagy: |
Přidat tag
Žádné tagy, Buďte první, kdo otaguje tento záznam!
|
| Thư viện lưu trữ: | Trung tâm Học liệu Trường Đại học Cần Thơ |
|---|
| LEADER | 00509nam a2200181Ia 4500 | ||
|---|---|---|---|
| 001 | CTU_150574 | ||
| 008 | 210402s9999 xx 000 0 und d | ||
| 082 | |a 639.3 | ||
| 082 | |b W927 | ||
| 110 | |a The World Bank | ||
| 245 | 0 | |a International cooperation in fisheries research | |
| 245 | 4 | |c The World Bank | |
| 260 | |a Washington, D.C. | ||
| 260 | |b The World Bank | ||
| 260 | |c 1991 | ||
| 650 | |a Fisheries,Nghề cá | ||
| 904 | |i Trọng Hải | ||
| 980 | |a Trung tâm Học liệu Trường Đại học Cần Thơ | ||